000 00768aam a2200301a 44500
008 930106s1986 cat
041 _acat
041 _bspa
080 _a621.31(038)
100 _aPuig i Ibáñez, J.
_963041
245 _aLèxic de l'empresa elèctrica: equivalències castellà-català
245 _cJ. Puig i Ibáñez
260 _a[S.l.]
260 _bFuerzas Hidroeléctricas del Segre
260 _c1986
300 _a22 p.
_c21 cm
520 _aaprox. 1760
591 _a941
592 _aObra terminològica
593 _aGQB
594 _a941
650 _aenergia elèctrica
_963042
901 _c<1986>
902 _a930106
942 _cMO
_n0
999 _c54660
_d54660